00300nam a2200097Ia 4500008004100000020001800041245006600059260002000125650001600145856004100161171212s9999 xx 000 0 und d a9781911576433 ceditor Moshenska, GabrielaKey Concepts in Public Archaeology bUCL Pressc2017 aArchaeology uhttp://jstor.org/stable/j.ctt1vxm8r7